000 00481nmm a2200157Ia 4500
008 251105s9999||||xx |||||||||||||||||und||
020 _a9789707186224
041 _aspa
100 _aCharles, Victoria
245 0 _aEl Renacimiento
264 _a[Washington, Estados Unidos] :
_bParkstone International,
_c[Fecha de publicación no identificada]
300 _a0 pƔginas
650 _aArts in general
856 _uhttps://public.digitaliapublishing.com/a/122308
942 _cCF
999 _c97160
_d97160